संचयिता (Record no. 17728)
[ view plain ]
| 000 -LEADER | |
|---|---|
| fixed length control field | 00472nam a2200169Ia 4500 |
| 008 - FIXED-LENGTH DATA ELEMENTS--GENERAL INFORMATION | |
| fixed length control field | 230917s9999||||xx |||||||||||||| ||und|| |
| 020 ## - ISBN | |
| Price | RS300 |
| 040 ## - CATALOGING SOURCE | |
| -- | 231311 |
| Original cataloging agency | VIVEKANANDA LIBRARY |
| 041 ## - Language | |
| -- | English |
| 082 ## - DDC NUMBER | |
| Classification number | 891.431721 SR19S:KK |
| 100 ## - MAIN ENTRY--PERSONAL NAME | |
| Personal name | कृष्ण कुमार |
| 245 #0 - TITLE STATEMENT | |
| Title | संचयिता |
| 260 ## - PUBLICATION, DISTRIBUTION, ETC. (IMPRINT) | |
| Name of publisher, distributor, etc | राजकमल प्रकाशन |
| Date of publication, distribution, etc | 2010 |
| 300 ## - PHYSICAL DESCRIPTION | |
| Pages | 272 p. |
| 500 ## - GENERAL NOTE | |
| General note | 2262 01/02/2016 KB15/299 17/02/2016 Hindi UGC |
| 942 ## - ADDED ENTRY ELEMENTS (KOHA) | |
| Koha item type | Books |
| Withdrawn status | Lost status | Damaged status | Not for loan | Location (home branch) | Sublocation or collection (holding branch) | Date acquired | Koha issues (times borrowed) | Koha full call number | Accession No. | Koha date last seen | Koha item type |
|---|---|---|---|---|---|---|---|---|---|---|---|
| VIVEKANANDA LIBRARY | VIVEKANANDA LIBRARY | 25/11/2016 | 1 | 891.431721 SR19S:KK | 357729 | 23/05/2024 | Books |
